000 002530000a22000970004500
100 1 _aEmerton, J. A.
245 1 0 _aThe house of Baal in 1Kings 16:32
300 _aVol. 47, Num 3 (Julio, 1997), Páginas 293-300
773 0 _tVetus Testamentum
942 _cANA
999 _c58119
_d58119